Violencia y tráfico de armas pequeñas y ligeras en el Cono Sur /
El presente artículo indaga sobre la dinámica actual de la violencia homicida en el cono sur, en relación con el tráfico y la proliferación de armas pequeñas, enfatizando en contextos urbanos. De igual forma, se examinan las medidas para control de armas, y el rol de la sociedad civil en ese ámbito...
Gespeichert in:
| 1. Verfasser: | |
|---|---|
| Format: | Text |
| Schlagworte: | |
| Tags: |
Tag hinzufügen
Keine Tags, Fügen Sie den ersten Tag hinzu!
|
MARC
| LEADER | 00000 a a2200000 04500 | ||
|---|---|---|---|
| 001 | 44636 | ||
| 003 | |||
| 040 | |||
| 100 | |a García Pinzón, Viviana | ||
| 245 | |a Violencia y tráfico de armas pequeñas y ligeras en el Cono Sur / |c Viviana García Pinzón | ||
| 520 | |a El presente artículo indaga sobre la dinámica actual de la violencia homicida en el cono sur, en relación con el tráfico y la proliferación de armas pequeñas, enfatizando en contextos urbanos. De igual forma, se examinan las medidas para control de armas, y el rol de la sociedad civil en ese ámbito así como las implicaciones para la seguridad de los ciudadanos. | ||
| 590 | |a RRH/DICIEMBRE2013 | ||
| 650 | |a 1.SEGURIDAD NACIONAL | ||
| 650 | |a 2.TRAFICO DE ARMAS | ||
| 650 | |a 3.HOMICIDIO | ||
| 650 | |a 4.ESTADO | ||
| 650 | |a 5.SOCIEDAD CIVIL | ||
| 650 | |a 6.VIOLENCIA | ||
| 650 | |a 7.LEYES | ||
| 650 | |a 8.AMERICA DEL SUR | ||
| 773 | |g páginas 217-236 : tablas, gráficos | ||
| 999 | |c 31642 |d 31642 | ||
